Hotely zlákali domácich developerov
Obchodovanie z nehnuteľnosťami vo svete. Záber na hotely. Nárast investičného "apetitu" po hoteloch. Realitných investorov hotely v Európe stále priťahujú. Líder v hotelovom developmente na Slovensku - J&T Global. Biznis a hory - Bratislava a Vysoké Tatry. Investovanie do hotelov má svoje špecifiká...
Salvato in:
| Autore principale: | |
|---|---|
| Natura: | Capitolo di libro |
| Lingua: | slovacco |
| Soggetti: | |
| Tags: |
Nessun Tag, puoi essere il primo ad aggiungerne!!
|
MARC
| LEADER | 00000naa$a2200000$$$4500 | ||
|---|---|---|---|
| 001 | 0042262 | ||
| 005 | 20231009083108.0 | ||
| 041 | 0 | |a slo | |
| 044 | |a SK | ||
| 245 | 1 | 0 | |a Hotely zlákali domácich developerov |c Miro Sedlák |
| 520 | |a Obchodovanie z nehnuteľnosťami vo svete. Záber na hotely. Nárast investičného "apetitu" po hoteloch. Realitných investorov hotely v Európe stále priťahujú. Líder v hotelovom developmente na Slovensku - J&T Global. Biznis a hory - Bratislava a Vysoké Tatry. Investovanie do hotelov má svoje špecifiká a riziká. | ||
| 610 | 2 | 0 | |a nehnuteľnosti |
| 610 | 2 | 0 | |a trh |
| 610 | 2 | 0 | |a hotely |
| 610 | 2 | 0 | |a investície |
| 610 | 2 | 0 | |a riziko |
| 610 | 2 | 0 | |a svet |
| 610 | 2 | 0 | |a Slovensko |
| 100 | 1 | |a Sedlák, Miro | |